| 000 | 00329nam a22001217a 4500 | ||
|---|---|---|---|
| 008 | 230619b xxu||||| |||| 00| 0 eng d | ||
| 082 |
_a266.75 _bKIE |
||
| 100 | _cElliott Kendall | ||
| 245 | _aCharles New and the East African Mission | ||
| 260 |
_aNairobi,Kenya _bKenya Literature Bureau _c1978 |
||
| 300 | _a194p | ||
| 942 |
_2ddc _cBK |
||
| 999 |
_c1325 _d1325 |
||